| 000 | 00988nam0a2200301 4500 | ||
|---|---|---|---|
| 001 | RU\NLR\ONL2\2477 | ||
| 005 | 20250613124622.0 | ||
| 010 |
_a5-297-00721-6 _9500 |
||
| 035 | _a(NLR Aleph) 009650078 | ||
| 090 |
_a9572171 _c9572171 |
||
| 100 | _a20040805d2003 |||y0rusy50 ca | ||
| 101 | 0 | _alak | |
| 102 | _aRU | ||
| 105 | _ac ||||||||| | ||
| 200 | 1 | _aМарцI къуратусса чIаллу | |
| 210 |
_aМахачкала _cДаг. кн. изд-во _d2003 |
||
| 215 |
_a693,[1] с. _cпортр. _d21 |
||
| 541 | 1 |
_6z01790 _aКолосья из чистых полей _zrus |
|
| 686 | 1 | _aШ6(2=Лак)7-5 | |
| 700 | 1 |
_aКьасумов _bС. _gСибирбаг _4070 |
|
| 790 | 1 |
_4070 _aКасумов _bС. М. _f1946-2022 _gСибирбаг Магомедович _9162835 _3RU\NLR\AUTH\770162879 |
|
| 801 | 0 |
_aRU _bNLR _c20040805 _gPSBO |
|
| 852 |
_aNLR _bОНЛ _jЛак./3-668 |
||
| 942 | _cBOOK | ||
| 980 | _aNB | ||
| 980 | _aONL_RF | ||